|
|
|
|
| LEADER |
00000nam0a2200000 4500 |
| 001 |
185585 |
| 005 |
20231031173025.0 |
| 010 |
|
|
|a 5247031946
|
| 035 |
|
|
|a (RuTPU)RU\TPU\book\201303
|
| 090 |
|
|
|a 185585
|
| 100 |
|
|
|a 20101012d1994 m y0rusy50 ca
|
| 101 |
0 |
|
|a rus
|
| 102 |
|
|
|a RU
|
| 105 |
|
|
|a a z 001zy
|
| 200 |
1 |
|
|a Модели рудных районов и месторождений Сибири
|f Ж. В. Семинский [и др.]
|
| 210 |
|
|
|a Москва
|c Недра
|d 1994
|
| 215 |
|
|
|a 252 с.
|c ил.
|
| 320 |
|
|
|a Библиогр.: с. 248-250.
|
| 610 |
1 |
|
|a Сибирь
|
| 610 |
1 |
|
|a рудные районы
|
| 610 |
1 |
|
|a месторождения
|
| 610 |
1 |
|
|a эндогенно-рудные системы
|
| 610 |
1 |
|
|a рудные вещества
|
| 610 |
1 |
|
|a распределение
|
| 675 |
|
|
|a 553.3/.4.06(571)
|v 3
|
| 701 |
|
1 |
|a Семинский
|b Ж. В.
|g Жан Вячеславович
|
| 701 |
|
1 |
|a Филонюк
|b В. А.
|g Виталий Андреевич
|
| 701 |
|
1 |
|a Корж
|b В. В.
|g Владимир Витальевич
|
| 701 |
|
1 |
|a Вахромеев
|b Г. С.
|
| 701 |
|
1 |
|a Мальцева
|b Г. Д.
|
| 701 |
|
1 |
|a Летунов
|b С. П.
|
| 801 |
|
1 |
|a RU
|b 63413507
|c 20101012
|
| 801 |
|
2 |
|a RU
|b 63413507
|c 20110124
|g RCR
|
| 942 |
|
|
|c BK
|